| Tag |
First Indicator |
Second Indicator |
Subfields |
| LEADER |
00000cas a2200000Ia 4500 |
| 001 |
in00001629021 |
| 005 |
20190828084238.0 |
| 008 |
010927c19uu9999txuar s s0 0eng d |
| 035 |
|
|
|a (OCoLC)ocm48044491
|
| 037 |
|
|
|b Texas A&M University System, Office of Budgets and Accounting. John B. Connally Building, 301 Tarrow, 3rd Floor, College Station, TX 77840-7896
|
| 040 |
|
|
|a TXA
|c TXA
|d UtOrBLW
|
| 043 |
|
|
|a n-us-tx
|
| 049 |
|
|
|a TXAM
|
| 090 |
|
|
|a LD5905
|b .A3
|
| 110 |
2 |
|
|a West Texas A & M University.
|
| 245 |
1 |
0 |
|a Salary budget /
|c West Texas A & M University.
|
| 264 |
|
1 |
|a [College Station, Tex.] :
|b [Texas A & M University System, Office of Budgets and Accounting]
|
| 300 |
|
|
|a volumes ;
|c 28 cm.
|
| 310 |
|
|
|a Annual
|
| 336 |
|
|
|a text
|b txt
|2 rdacontent
|
| 337 |
|
|
|a unmediated
|b n
|2 rdamedia
|
| 338 |
|
|
|a volume
|b nc
|2 rdacarrier
|
| 500 |
|
|
|a Description based on: Fiscal year ending Aug. 31, 2002; title from cover.
|
| 610 |
2 |
0 |
|a West Texas A & M University
|x Appropriations and expenditures
|v Statistics
|v Periodicals.
|
| 610 |
2 |
0 |
|a West Texas A & M University
|x Faculty
|x Salaries, etc.
|v Statistics
|v Periodicals.
|
| 710 |
2 |
|
|a Texas A & M University System.
|b Office of Budgets and Accounting.
|
| 891 |
2 |
0 |
|9 853
|8 1
|a (year)
|w a
|
| 891 |
4 |
1 |
|9 863
|8 1.1
|a <2002>
|
| 994 |
|
|
|a E0
|b TXA
|
| 999 |
|
|
|a MARS
|
| 999 |
f |
f |
|s 3bdc4040-feb7-3569-aa56-b5b2cc9e0e54
|i 98515dd7-1d8c-37c6-9ea8-63397a7a71b7
|t 0
|
| 952 |
f |
f |
|p noncirc
|a Texas A&M University
|b College Station
|c Cushing Memorial Library & Archives
|d Cushing: Texas A&M (Does not check out)
|t 0
|e LD5905 .A3
|h Library of Congress classification
|i unmediated -- volume
|
| 952 |
f |
f |
|p 7_day
|a Texas A&M University
|b College Station
|c Business Library & Collaboration Commons
|d West Campus Library: Reserves
|t 0
|e LD5905 .A3
|h Library of Congress classification
|i unmediated -- volume
|j 2003
|m A14825797263
|
| 952 |
f |
f |
|p 4_hour
|a Texas A&M University
|b College Station
|c Sterling C. Evans Library
|d Evans: Media and Reserves (Evans 1st floor)
|t 0
|e LD5905 .A3
|h Library of Congress classification
|i unmediated -- volume
|l 2016
|m A14843207052
|
| 998 |
f |
f |
|a LD5905 .A3
|s 2016
|t 0
|l Evans: Media and Reserves (Evans 1st floor)
|
| 998 |
f |
f |
|a LD5905 .A3
|s 2009/2010-2015/2016
|t 0
|l Cushing: Texas A&M (Does not check out)
|
| 998 |
f |
f |
|a LD5905 .A3
|s 2012
|t 0
|l West Campus Library: Reserves
|